Visualizzazione normale
Vista MARC
- Filosofi di lingua tedesca posteriori al 1920
di Genre/Form Term
Records bibliografici associati: 1
001 - CONTROL NUMBER
- control field: 61993
003 - CONTROL NUMBER IDENTIFIER
- control field:
005 - DATE AND TIME OF LATEST TRANSACTION
- control field: 20250326121404.0
008 - FIXED-LENGTH DATA ELEMENTS
- fixed length control field: 250326|| aca||aabn | a|a d
040 ## - CATALOGING SOURCE
- Original cataloging agency:
- Transcribing agency:
155 ## - HEADING--GENRE/FORM TERM
- Genre/form term: Filosofi di lingua tedesca posteriori al 1920
- General subdivision: Martin Heidegger 1889-1976. Opere
670 ## - SOURCE DATA FOUND
- Source citation: Work cat.: ()360470: Heidegger, Martin, 1889-1976 aut autore 36498, Che cosa l̈a metafisica? /, 2001.